| 000 | 01184nam a2200289Ia 4500 | ||
|---|---|---|---|
| 003 | OSt | ||
| 005 | 20221005112050.0 | ||
| 006 | a|||||r|||| 00| 0 | ||
| 007 | ta | ||
| 008 | 221004b |||||||| |||| 00| 0 san d | ||
| 020 |
_a9789382396 (hbk) _c595 |
||
| 024 | _a25458 | ||
| 037 |
_b2338, 19/03/2016, Success Book Service _cTextual |
||
| 040 |
_aCRL _cCRL _bsan |
||
| 041 |
_2san _asan |
||
| 082 | _aR625x7,1,1, 152Q5 | ||
| 100 | _aपन्चानन, विश्वनाथ | ||
| 245 | 0 | _aन्यायसिद्धान्त मुक्तावली | |
| 246 | _aNyāyasiddhānta muktāvalī | ||
| 260 |
_aशिमला _bभारतीय उच्च अध्ययन संस्थान भारत _c2015 |
||
| 300 |
_a511पृ0 _ccm. |
||
| 650 | _aभारतीय दर्शन | ||
| 700 | _a महादेव | ||
| 700 | _a शुक्ल, राजाराम, अनु. | ||
| 942 |
_hR625x7,1,1, 152Q5 _cTEXL _2cc |
||
| 999 |
_c1023724 _d1023724 |
||